The National - New Order T-Shirt (Lyrics) - Statistics

General Stats
  • This quiz has been taken 5 times
  • The average score is 255 of 399
Answer Stats
Answer % Correct
a
100%
and
100%
And
100%
I
100%
"I
100%
in
100%
my
100%
New
100%
Order
100%
t-shirt
100%
with
100%
With
100%
you
100%
You
100%
came
80%
me
80%
of
80%
off
80%
on
80%
the
80%
Then
80%
think
80%
what
80%
your
80%
alone
60%
along
60%
back
60%
bath
60%
beer
60%
better
60%
but
60%
can
60%
corner
60%
dad
60%
down
60%
for
60%
glass
60%
go
60%
Hawaii
60%
Holding
60%
I'm
60%
it
60%
Japanese
60%
keep
60%
leaving
60%
like
60%
phone
60%
place
60%
said,
60%
said
60%
shut
60%
snapshots
60%
somebody
60%
staying
60%
Telling
60%
Than
60%
that
60%
through
60%
To
60%
to
60%
wasn't
60%
When
60%
aquarium
40%
At
40%
at
40%
blue
40%
bomb
40%
carry
40%
cat
40%
cops
40%
crazy
40%
drugs
40%
everything's
40%
going
40%
How
40%
knew
40%
neck
40%
novelty
40%
out
40%
pocket
40%
second
40%
shark
40%
Split
40%
Standing
40%
streets
40%
Talking
40%
them
40%
they're
40%
walking
40%
we
40%
'70s
20%
almost
20%
American
20%
ashes
20%
Atlantic
20%
base
20%
beach
20%
Café
20%
capital
20%
cool
20%
cried
20%
customs
20%
downtown
20%
drinking
20%
fine,
20%
flicker
20%
from
20%
had
20%
hand
20%
hilarious
20%
home
20%
Kentucky
20%
laughing
20%
little
20%
looked
20%
magazine
20%
maybe
20%
month
20%
movie
20%
poster
20%
reach
20%
real"
20%
rescued
20%
sister
20%
skyscraper
20%
sounds
20%
Spirits
20%
stayed
20%
Waiting
20%
year
20%
Anyway
0%
Before
0%
black
0%
box
0%
check
0%
cones
0%
demolished
0%
files
0%
filled
0%
finally
0%
flats,
0%
glimpses
0%
Kicking
0%
lay
0%
management
0%
outside
0%
recovered
0%
seconds
0%
shared
0%
tapped
0%
temperature
0%
under
0%
wove
0%
No matching quizzes found
Score Distribution
Percent of People with Each Score
Percentile by Number Answered
Your Score History
You have not taken this quiz